<?xml version="1.0" encoding="UTF-8"?>
<record
    xmlns:xsi="http://www.w3.org/2001/XMLSchema-instance"
    xsi:schemaLocation="http://www.loc.gov/MARC21/slim http://www.loc.gov/standards/marcxml/schema/MARC21slim.xsd"
    xmlns="http://www.loc.gov/MARC21/slim">

  <leader>00478    a2200181   4500</leader>
  <controlfield tag="001">87345</controlfield>
  <datafield tag="082" ind1=" " ind2=" ">
    <subfield code="a">621.35502 AHQ</subfield>
  </datafield>
  <datafield tag="090" ind1=" " ind2=" ">
    <subfield code="c">41013</subfield>
    <subfield code="d">41013</subfield>
  </datafield>
  <datafield tag="100" ind1=" " ind2=" ">
    <subfield code="a">Dte of EW, AHQ Pakistan Air Force</subfield>
  </datafield>
  <datafield tag="245" ind1=" " ind2=" ">
    <subfield code="a">Basic Electronic Warfare; Training Manual</subfield>
    <subfield code="h">English</subfield>
  </datafield>
  <datafield tag="250" ind1=" " ind2=" ">
    <subfield code="a">1</subfield>
  </datafield>
  <datafield tag="260" ind1=" " ind2=" ">
    <subfield code="a">AHQ Islamabad</subfield>
    <subfield code="b">Dte of EW</subfield>
    <subfield code="c">2008</subfield>
  </datafield>
  <datafield tag="300" ind1=" " ind2=" ">
    <subfield code="a">140p</subfield>
    <subfield code="b">Photocopy (HB)</subfield>
  </datafield>
  <datafield tag="500" ind1=" " ind2=" ">
    <subfield code="a">BE Textbooks Avionics</subfield>
  </datafield>
  <datafield tag="505" ind1=" " ind2=" ">
    <subfield code="a">AHQ Books</subfield>
  </datafield>
  <datafield tag="520" ind1=" " ind2=" ">
    <subfield code="a">DOS Precis</subfield>
  </datafield>
  <datafield tag="610" ind1=" " ind2=" ">
    <subfield code="a">PAF</subfield>
  </datafield>
  <datafield tag="942" ind1=" " ind2=" ">
    <subfield code="a">CAE, NUST</subfield>
    <subfield code="k">621.35502 AHQ</subfield>
    <subfield code="c">AV</subfield>
  </datafield>
  <datafield tag="999" ind1=" " ind2=" ">
    <subfield code="c">322418</subfield>
    <subfield code="d">322418</subfield>
  </datafield>
  <datafield tag="952" ind1=" " ind2=" ">
    <subfield code="0">0</subfield>
    <subfield code="1">0</subfield>
    <subfield code="4">0</subfield>
    <subfield code="7">0</subfield>
    <subfield code="8">NFIC</subfield>
    <subfield code="a">CAE</subfield>
    <subfield code="b">CAE</subfield>
    <subfield code="d">2017-04-03</subfield>
    <subfield code="l">0</subfield>
    <subfield code="o">621.35502 AHQ</subfield>
    <subfield code="p">CAEN-6210</subfield>
    <subfield code="r">2017-04-05</subfield>
    <subfield code="w">2017-04-05</subfield>
    <subfield code="y">BK</subfield>
  </datafield>
  <datafield tag="952" ind1=" " ind2=" ">
    <subfield code="0">0</subfield>
    <subfield code="1">0</subfield>
    <subfield code="4">0</subfield>
    <subfield code="7">0</subfield>
    <subfield code="8">NFIC</subfield>
    <subfield code="a">CAE</subfield>
    <subfield code="b">CAE</subfield>
    <subfield code="d">2017-04-03</subfield>
    <subfield code="l">0</subfield>
    <subfield code="o">621.35502 AHQ</subfield>
    <subfield code="p">CAEN-6245</subfield>
    <subfield code="r">2017-04-05</subfield>
    <subfield code="w">2017-04-05</subfield>
    <subfield code="y">BK</subfield>
  </datafield>
  <datafield tag="952" ind1=" " ind2=" ">
    <subfield code="0">0</subfield>
    <subfield code="1">0</subfield>
    <subfield code="4">0</subfield>
    <subfield code="7">0</subfield>
    <subfield code="8">NFIC</subfield>
    <subfield code="a">CAE</subfield>
    <subfield code="b">CAE</subfield>
    <subfield code="d">2017-04-03</subfield>
    <subfield code="l">0</subfield>
    <subfield code="o">621.35502 AHQ</subfield>
    <subfield code="p">CAEN-6243</subfield>
    <subfield code="r">2017-04-05</subfield>
    <subfield code="w">2017-04-05</subfield>
    <subfield code="y">BK</subfield>
  </datafield>
  <datafield tag="952" ind1=" " ind2=" ">
    <subfield code="0">0</subfield>
    <subfield code="1">0</subfield>
    <subfield code="4">0</subfield>
    <subfield code="7">0</subfield>
    <subfield code="8">NFIC</subfield>
    <subfield code="a">CAE</subfield>
    <subfield code="b">CAE</subfield>
    <subfield code="d">2017-04-03</subfield>
    <subfield code="l">0</subfield>
    <subfield code="o">621.35502 AHQ</subfield>
    <subfield code="p">CAEN-6242</subfield>
    <subfield code="r">2017-04-05</subfield>
    <subfield code="w">2017-04-05</subfield>
    <subfield code="y">BK</subfield>
  </datafield>
  <datafield tag="952" ind1=" " ind2=" ">
    <subfield code="0">0</subfield>
    <subfield code="1">0</subfield>
    <subfield code="4">0</subfield>
    <subfield code="7">0</subfield>
    <subfield code="8">NFIC</subfield>
    <subfield code="a">CAE</subfield>
    <subfield code="b">CAE</subfield>
    <subfield code="d">2017-04-03</subfield>
    <subfield code="l">0</subfield>
    <subfield code="o">621.35502 AHQ</subfield>
    <subfield code="p">CAEN-6241</subfield>
    <subfield code="r">2017-04-05</subfield>
    <subfield code="w">2017-04-05</subfield>
    <subfield code="y">BK</subfield>
  </datafield>
  <datafield tag="952" ind1=" " ind2=" ">
    <subfield code="0">0</subfield>
    <subfield code="1">0</subfield>
    <subfield code="4">0</subfield>
    <subfield code="7">0</subfield>
    <subfield code="8">NFIC</subfield>
    <subfield code="a">CAE</subfield>
    <subfield code="b">CAE</subfield>
    <subfield code="d">2017-04-03</subfield>
    <subfield code="l">0</subfield>
    <subfield code="o">621.35502 AHQ</subfield>
    <subfield code="p">CAEN-6240</subfield>
    <subfield code="r">2017-04-05</subfield>
    <subfield code="w">2017-04-05</subfield>
    <subfield code="y">BK</subfield>
  </datafield>
  <datafield tag="952" ind1=" " ind2=" ">
    <subfield code="0">0</subfield>
    <subfield code="1">0</subfield>
    <subfield code="4">0</subfield>
    <subfield code="7">0</subfield>
    <subfield code="8">NFIC</subfield>
    <subfield code="a">CAE</subfield>
    <subfield code="b">CAE</subfield>
    <subfield code="d">2017-04-03</subfield>
    <subfield code="l">0</subfield>
    <subfield code="o">621.35502 AHQ</subfield>
    <subfield code="p">CAEN-6239</subfield>
    <subfield code="r">2017-04-05</subfield>
    <subfield code="w">2017-04-05</subfield>
    <subfield code="y">BK</subfield>
  </datafield>
  <datafield tag="952" ind1=" " ind2=" ">
    <subfield code="0">0</subfield>
    <subfield code="1">0</subfield>
    <subfield code="4">0</subfield>
    <subfield code="7">0</subfield>
    <subfield code="8">NFIC</subfield>
    <subfield code="a">CAE</subfield>
    <subfield code="b">CAE</subfield>
    <subfield code="d">2017-04-03</subfield>
    <subfield code="l">0</subfield>
    <subfield code="o">621.35502 AHQ</subfield>
    <subfield code="p">CAEN-6238</subfield>
    <subfield code="r">2017-04-05</subfield>
    <subfield code="w">2017-04-05</subfield>
    <subfield code="y">BK</subfield>
  </datafield>
  <datafield tag="952" ind1=" " ind2=" ">
    <subfield code="0">0</subfield>
    <subfield code="1">0</subfield>
    <subfield code="4">0</subfield>
    <subfield code="7">0</subfield>
    <subfield code="8">NFIC</subfield>
    <subfield code="a">CAE</subfield>
    <subfield code="b">CAE</subfield>
    <subfield code="d">2017-04-03</subfield>
    <subfield code="l">0</subfield>
    <subfield code="o">621.35502 AHQ</subfield>
    <subfield code="p">CAEN-6237</subfield>
    <subfield code="r">2017-04-05</subfield>
    <subfield code="w">2017-04-05</subfield>
    <subfield code="y">BK</subfield>
  </datafield>
  <datafield tag="952" ind1=" " ind2=" ">
    <subfield code="0">0</subfield>
    <subfield code="1">0</subfield>
    <subfield code="4">0</subfield>
    <subfield code="7">0</subfield>
    <subfield code="8">NFIC</subfield>
    <subfield code="a">CAE</subfield>
    <subfield code="b">CAE</subfield>
    <subfield code="d">2017-04-03</subfield>
    <subfield code="l">0</subfield>
    <subfield code="o">621.35502 AHQ</subfield>
    <subfield code="p">CAEN-6236</subfield>
    <subfield code="r">2017-04-05</subfield>
    <subfield code="w">2017-04-05</subfield>
    <subfield code="y">BK</subfield>
  </datafield>
  <datafield tag="952" ind1=" " ind2=" ">
    <subfield code="0">0</subfield>
    <subfield code="1">0</subfield>
    <subfield code="4">0</subfield>
    <subfield code="7">0</subfield>
    <subfield code="8">NFIC</subfield>
    <subfield code="a">CAE</subfield>
    <subfield code="b">CAE</subfield>
    <subfield code="d">2017-04-03</subfield>
    <subfield code="l">0</subfield>
    <subfield code="o">621.35502 AHQ</subfield>
    <subfield code="p">CAEN-6235</subfield>
    <subfield code="r">2017-04-05</subfield>
    <subfield code="w">2017-04-05</subfield>
    <subfield code="y">BK</subfield>
  </datafield>
  <datafield tag="952" ind1=" " ind2=" ">
    <subfield code="0">0</subfield>
    <subfield code="1">0</subfield>
    <subfield code="4">0</subfield>
    <subfield code="7">0</subfield>
    <subfield code="8">NFIC</subfield>
    <subfield code="a">CAE</subfield>
    <subfield code="b">CAE</subfield>
    <subfield code="d">2017-04-03</subfield>
    <subfield code="l">0</subfield>
    <subfield code="o">621.35502 AHQ</subfield>
    <subfield code="p">CAEN-6234</subfield>
    <subfield code="r">2017-04-05</subfield>
    <subfield code="w">2017-04-05</subfield>
    <subfield code="y">BK</subfield>
  </datafield>
  <datafield tag="952" ind1=" " ind2=" ">
    <subfield code="0">0</subfield>
    <subfield code="1">0</subfield>
    <subfield code="4">0</subfield>
    <subfield code="7">0</subfield>
    <subfield code="8">NFIC</subfield>
    <subfield code="a">CAE</subfield>
    <subfield code="b">CAE</subfield>
    <subfield code="d">2017-04-03</subfield>
    <subfield code="l">0</subfield>
    <subfield code="o">621.35502 AHQ</subfield>
    <subfield code="p">CAEN-6233</subfield>
    <subfield code="r">2017-04-05</subfield>
    <subfield code="w">2017-04-05</subfield>
    <subfield code="y">BK</subfield>
  </datafield>
  <datafield tag="952" ind1=" " ind2=" ">
    <subfield code="0">0</subfield>
    <subfield code="1">0</subfield>
    <subfield code="4">0</subfield>
    <subfield code="7">0</subfield>
    <subfield code="8">NFIC</subfield>
    <subfield code="a">CAE</subfield>
    <subfield code="b">CAE</subfield>
    <subfield code="d">2017-04-03</subfield>
    <subfield code="l">0</subfield>
    <subfield code="o">621.35502 AHQ</subfield>
    <subfield code="p">CAEN-6232</subfield>
    <subfield code="r">2017-04-05</subfield>
    <subfield code="w">2017-04-05</subfield>
    <subfield code="y">BK</subfield>
  </datafield>
  <datafield tag="952" ind1=" " ind2=" ">
    <subfield code="0">0</subfield>
    <subfield code="1">0</subfield>
    <subfield code="4">0</subfield>
    <subfield code="7">0</subfield>
    <subfield code="8">NFIC</subfield>
    <subfield code="a">CAE</subfield>
    <subfield code="b">CAE</subfield>
    <subfield code="d">2017-04-03</subfield>
    <subfield code="l">0</subfield>
    <subfield code="o">621.35502 AHQ</subfield>
    <subfield code="p">CAEN-6231</subfield>
    <subfield code="r">2017-04-05</subfield>
    <subfield code="w">2017-04-05</subfield>
    <subfield code="y">BK</subfield>
  </datafield>
  <datafield tag="952" ind1=" " ind2=" ">
    <subfield code="0">0</subfield>
    <subfield code="1">0</subfield>
    <subfield code="4">0</subfield>
    <subfield code="7">0</subfield>
    <subfield code="8">NFIC</subfield>
    <subfield code="a">CAE</subfield>
    <subfield code="b">CAE</subfield>
    <subfield code="d">2017-04-03</subfield>
    <subfield code="l">0</subfield>
    <subfield code="o">621.35502 AHQ</subfield>
    <subfield code="p">CAEN-6230</subfield>
    <subfield code="r">2017-04-05</subfield>
    <subfield code="w">2017-04-05</subfield>
    <subfield code="y">BK</subfield>
  </datafield>
  <datafield tag="952" ind1=" " ind2=" ">
    <subfield code="0">0</subfield>
    <subfield code="1">0</subfield>
    <subfield code="4">0</subfield>
    <subfield code="7">0</subfield>
    <subfield code="8">NFIC</subfield>
    <subfield code="a">CAE</subfield>
    <subfield code="b">CAE</subfield>
    <subfield code="d">2017-04-03</subfield>
    <subfield code="l">0</subfield>
    <subfield code="o">621.35502 AHQ</subfield>
    <subfield code="p">CAEN-6229</subfield>
    <subfield code="r">2017-04-05</subfield>
    <subfield code="w">2017-04-05</subfield>
    <subfield code="y">BK</subfield>
  </datafield>
  <datafield tag="952" ind1=" " ind2=" ">
    <subfield code="0">0</subfield>
    <subfield code="1">0</subfield>
    <subfield code="4">0</subfield>
    <subfield code="7">0</subfield>
    <subfield code="8">NFIC</subfield>
    <subfield code="a">CAE</subfield>
    <subfield code="b">CAE</subfield>
    <subfield code="d">2017-04-03</subfield>
    <subfield code="l">0</subfield>
    <subfield code="o">621.35502 AHQ</subfield>
    <subfield code="p">CAEN-6228</subfield>
    <subfield code="r">2017-04-05</subfield>
    <subfield code="w">2017-04-05</subfield>
    <subfield code="y">BK</subfield>
  </datafield>
  <datafield tag="952" ind1=" " ind2=" ">
    <subfield code="0">0</subfield>
    <subfield code="1">0</subfield>
    <subfield code="4">0</subfield>
    <subfield code="7">0</subfield>
    <subfield code="8">NFIC</subfield>
    <subfield code="a">CAE</subfield>
    <subfield code="b">CAE</subfield>
    <subfield code="d">2017-04-03</subfield>
    <subfield code="l">0</subfield>
    <subfield code="o">621.35502 AHQ</subfield>
    <subfield code="p">CAEN-6227</subfield>
    <subfield code="r">2017-04-05</subfield>
    <subfield code="w">2017-04-05</subfield>
    <subfield code="y">BK</subfield>
  </datafield>
  <datafield tag="952" ind1=" " ind2=" ">
    <subfield code="0">0</subfield>
    <subfield code="1">0</subfield>
    <subfield code="4">0</subfield>
    <subfield code="7">0</subfield>
    <subfield code="8">NFIC</subfield>
    <subfield code="a">CAE</subfield>
    <subfield code="b">CAE</subfield>
    <subfield code="d">2017-04-03</subfield>
    <subfield code="l">0</subfield>
    <subfield code="o">621.35502 AHQ</subfield>
    <subfield code="p">CAEN-6226</subfield>
    <subfield code="r">2017-04-05</subfield>
    <subfield code="w">2017-04-05</subfield>
    <subfield code="y">BK</subfield>
  </datafield>
  <datafield tag="952" ind1=" " ind2=" ">
    <subfield code="0">0</subfield>
    <subfield code="1">0</subfield>
    <subfield code="4">0</subfield>
    <subfield code="7">0</subfield>
    <subfield code="8">NFIC</subfield>
    <subfield code="a">CAE</subfield>
    <subfield code="b">CAE</subfield>
    <subfield code="d">2017-04-03</subfield>
    <subfield code="l">0</subfield>
    <subfield code="o">621.35502 AHQ</subfield>
    <subfield code="p">CAEN-6225</subfield>
    <subfield code="r">2017-04-05</subfield>
    <subfield code="w">2017-04-05</subfield>
    <subfield code="y">BK</subfield>
  </datafield>
  <datafield tag="952" ind1=" " ind2=" ">
    <subfield code="0">0</subfield>
    <subfield code="1">0</subfield>
    <subfield code="4">0</subfield>
    <subfield code="7">0</subfield>
    <subfield code="8">NFIC</subfield>
    <subfield code="a">CAE</subfield>
    <subfield code="b">CAE</subfield>
    <subfield code="d">2017-04-03</subfield>
    <subfield code="l">0</subfield>
    <subfield code="o">621.35502 AHQ</subfield>
    <subfield code="p">CAEN-6224</subfield>
    <subfield code="r">2017-04-05</subfield>
    <subfield code="w">2017-04-05</subfield>
    <subfield code="y">BK</subfield>
  </datafield>
  <datafield tag="952" ind1=" " ind2=" ">
    <subfield code="0">0</subfield>
    <subfield code="1">0</subfield>
    <subfield code="4">0</subfield>
    <subfield code="7">0</subfield>
    <subfield code="8">NFIC</subfield>
    <subfield code="a">CAE</subfield>
    <subfield code="b">CAE</subfield>
    <subfield code="d">2017-04-03</subfield>
    <subfield code="l">0</subfield>
    <subfield code="o">621.35502 AHQ</subfield>
    <subfield code="p">CAEN-6223</subfield>
    <subfield code="r">2017-04-05</subfield>
    <subfield code="w">2017-04-05</subfield>
    <subfield code="y">BK</subfield>
  </datafield>
  <datafield tag="952" ind1=" " ind2=" ">
    <subfield code="0">0</subfield>
    <subfield code="1">0</subfield>
    <subfield code="4">0</subfield>
    <subfield code="7">0</subfield>
    <subfield code="8">NFIC</subfield>
    <subfield code="a">CAE</subfield>
    <subfield code="b">CAE</subfield>
    <subfield code="d">2017-04-03</subfield>
    <subfield code="l">0</subfield>
    <subfield code="o">621.35502 AHQ</subfield>
    <subfield code="p">CAEN-6222</subfield>
    <subfield code="r">2017-04-05</subfield>
    <subfield code="w">2017-04-05</subfield>
    <subfield code="y">BK</subfield>
  </datafield>
  <datafield tag="952" ind1=" " ind2=" ">
    <subfield code="0">0</subfield>
    <subfield code="1">0</subfield>
    <subfield code="4">0</subfield>
    <subfield code="7">0</subfield>
    <subfield code="8">NFIC</subfield>
    <subfield code="a">CAE</subfield>
    <subfield code="b">CAE</subfield>
    <subfield code="d">2017-04-03</subfield>
    <subfield code="l">0</subfield>
    <subfield code="o">621.35502 AHQ</subfield>
    <subfield code="p">CAEN-6221</subfield>
    <subfield code="r">2017-04-05</subfield>
    <subfield code="w">2017-04-05</subfield>
    <subfield code="y">BK</subfield>
  </datafield>
  <datafield tag="952" ind1=" " ind2=" ">
    <subfield code="0">0</subfield>
    <subfield code="1">0</subfield>
    <subfield code="4">0</subfield>
    <subfield code="7">0</subfield>
    <subfield code="8">NFIC</subfield>
    <subfield code="a">CAE</subfield>
    <subfield code="b">CAE</subfield>
    <subfield code="d">2017-04-03</subfield>
    <subfield code="l">0</subfield>
    <subfield code="o">621.35502 AHQ</subfield>
    <subfield code="p">CAEN-6220</subfield>
    <subfield code="r">2017-04-05</subfield>
    <subfield code="w">2017-04-05</subfield>
    <subfield code="y">BK</subfield>
  </datafield>
  <datafield tag="952" ind1=" " ind2=" ">
    <subfield code="0">0</subfield>
    <subfield code="1">0</subfield>
    <subfield code="4">0</subfield>
    <subfield code="7">0</subfield>
    <subfield code="8">NFIC</subfield>
    <subfield code="a">CAE</subfield>
    <subfield code="b">CAE</subfield>
    <subfield code="d">2017-04-03</subfield>
    <subfield code="l">0</subfield>
    <subfield code="o">621.35502 AHQ</subfield>
    <subfield code="p">CAEN-6219</subfield>
    <subfield code="r">2017-04-05</subfield>
    <subfield code="w">2017-04-05</subfield>
    <subfield code="y">BK</subfield>
  </datafield>
  <datafield tag="952" ind1=" " ind2=" ">
    <subfield code="0">0</subfield>
    <subfield code="1">0</subfield>
    <subfield code="4">0</subfield>
    <subfield code="7">0</subfield>
    <subfield code="8">NFIC</subfield>
    <subfield code="a">CAE</subfield>
    <subfield code="b">CAE</subfield>
    <subfield code="d">2017-04-03</subfield>
    <subfield code="l">0</subfield>
    <subfield code="o">621.35502 AHQ</subfield>
    <subfield code="p">CAEN-6218</subfield>
    <subfield code="r">2017-04-05</subfield>
    <subfield code="w">2017-04-05</subfield>
    <subfield code="y">BK</subfield>
  </datafield>
  <datafield tag="952" ind1=" " ind2=" ">
    <subfield code="0">0</subfield>
    <subfield code="1">0</subfield>
    <subfield code="4">0</subfield>
    <subfield code="7">0</subfield>
    <subfield code="8">NFIC</subfield>
    <subfield code="a">CAE</subfield>
    <subfield code="b">CAE</subfield>
    <subfield code="d">2017-04-03</subfield>
    <subfield code="l">0</subfield>
    <subfield code="o">621.35502 AHQ</subfield>
    <subfield code="p">CAEN-6217</subfield>
    <subfield code="r">2017-04-05</subfield>
    <subfield code="w">2017-04-05</subfield>
    <subfield code="y">BK</subfield>
  </datafield>
  <datafield tag="952" ind1=" " ind2=" ">
    <subfield code="0">0</subfield>
    <subfield code="1">0</subfield>
    <subfield code="4">0</subfield>
    <subfield code="7">0</subfield>
    <subfield code="8">NFIC</subfield>
    <subfield code="a">CAE</subfield>
    <subfield code="b">CAE</subfield>
    <subfield code="d">2017-04-03</subfield>
    <subfield code="l">0</subfield>
    <subfield code="o">621.35502 AHQ</subfield>
    <subfield code="p">CAEN-6216</subfield>
    <subfield code="r">2017-04-05</subfield>
    <subfield code="w">2017-04-05</subfield>
    <subfield code="y">BK</subfield>
  </datafield>
  <datafield tag="952" ind1=" " ind2=" ">
    <subfield code="0">0</subfield>
    <subfield code="1">0</subfield>
    <subfield code="4">0</subfield>
    <subfield code="7">0</subfield>
    <subfield code="8">NFIC</subfield>
    <subfield code="a">CAE</subfield>
    <subfield code="b">CAE</subfield>
    <subfield code="d">2017-04-03</subfield>
    <subfield code="l">0</subfield>
    <subfield code="o">621.35502 AHQ</subfield>
    <subfield code="p">CAEN-6215</subfield>
    <subfield code="r">2017-04-05</subfield>
    <subfield code="w">2017-04-05</subfield>
    <subfield code="y">BK</subfield>
  </datafield>
  <datafield tag="952" ind1=" " ind2=" ">
    <subfield code="0">0</subfield>
    <subfield code="1">0</subfield>
    <subfield code="4">0</subfield>
    <subfield code="7">0</subfield>
    <subfield code="8">NFIC</subfield>
    <subfield code="a">CAE</subfield>
    <subfield code="b">CAE</subfield>
    <subfield code="d">2017-04-03</subfield>
    <subfield code="l">0</subfield>
    <subfield code="o">621.35502 AHQ</subfield>
    <subfield code="p">CAEN-6214</subfield>
    <subfield code="r">2017-04-05</subfield>
    <subfield code="w">2017-04-05</subfield>
    <subfield code="y">BK</subfield>
  </datafield>
  <datafield tag="952" ind1=" " ind2=" ">
    <subfield code="0">0</subfield>
    <subfield code="1">0</subfield>
    <subfield code="4">0</subfield>
    <subfield code="7">0</subfield>
    <subfield code="8">NFIC</subfield>
    <subfield code="a">CAE</subfield>
    <subfield code="b">CAE</subfield>
    <subfield code="d">2017-04-03</subfield>
    <subfield code="l">0</subfield>
    <subfield code="o">621.35502 AHQ</subfield>
    <subfield code="p">CAEN-6213</subfield>
    <subfield code="r">2017-04-05</subfield>
    <subfield code="w">2017-04-05</subfield>
    <subfield code="y">BK</subfield>
  </datafield>
  <datafield tag="952" ind1=" " ind2=" ">
    <subfield code="0">0</subfield>
    <subfield code="1">0</subfield>
    <subfield code="4">0</subfield>
    <subfield code="7">0</subfield>
    <subfield code="8">NFIC</subfield>
    <subfield code="a">CAE</subfield>
    <subfield code="b">CAE</subfield>
    <subfield code="d">2017-04-03</subfield>
    <subfield code="l">0</subfield>
    <subfield code="o">621.35502 AHQ</subfield>
    <subfield code="p">CAEN-6212</subfield>
    <subfield code="r">2017-04-05</subfield>
    <subfield code="w">2017-04-05</subfield>
    <subfield code="y">BK</subfield>
  </datafield>
  <datafield tag="952" ind1=" " ind2=" ">
    <subfield code="0">0</subfield>
    <subfield code="1">0</subfield>
    <subfield code="4">0</subfield>
    <subfield code="7">0</subfield>
    <subfield code="8">NFIC</subfield>
    <subfield code="a">CAE</subfield>
    <subfield code="b">CAE</subfield>
    <subfield code="d">2017-04-03</subfield>
    <subfield code="l">0</subfield>
    <subfield code="o">621.35502 AHQ</subfield>
    <subfield code="p">CAEN-6211</subfield>
    <subfield code="r">2017-04-05</subfield>
    <subfield code="w">2017-04-05</subfield>
    <subfield code="y">BK</subfield>
  </datafield>
</record>
